[Event "12th Norway Chess 2024"]
[Site "Stavanger NOR"]
[Date "2024.05.27"]
[Round "1.2"]
[White "Praggnanandhaa,R"]
[Black "Firouzja,Alireza"]
[Result "1/2-1/2"]
[WhiteElo "2747"]
[BlackElo "2737"]

1.d4 d5 2.c4 e6 3.Nf3 Nf6 4.g3 dxc4 5.Bg2 c5 6.O-O Nc6 7.Qa4 Bd7 8.dxc5 Bxc5
9.Qxc4 Bb6 10.Nc3 Rc8 11.Qh4 Nd5 12.Bg5 f6 13.Bd2 Nxc3 14.Bxc3 O-O 15.Rad1 Qe7
16.Nd2 e5 17.Be4 g6 18.Nf3 Be6 19.a3 Rc7 20.Rd2 Rd7 21.Rfd1 Rxd2 22.Rxd2 Rd8
23.e3 Rxd2 24.Nxd2 Qd8 25.Bf3 Kg7 26.Qa4 Bd5 27.Qb5 Ne7 28.Be4 a6 29.Qd3 Bxe4
30.Qxe4 Nd5 31.Qd3 Nxc3 32.Qxc3 Qd5 33.Qc2 f5 34.Qc3 Kf7 35.Kf1 e4 36.Ke1 Ba5
37.b4 Bd8 38.Kd1 Bf6 39.Qc7+ Ke8 40.Qc8+ Ke7 41.Qc7+ Ke8 42.Qc8+ Ke7 43.Qc7+ Ke8
44.Qc8+  1/2-1/2

[Event "12th Norway Armageddon"]
[Site "Stavanger NOR"]
[Date "2024.05.27"]
[Round "1.2"]
[White "Praggnanandhaa,R"]
[Black "Firouzja,Alireza"]
[Result "1-0"]
[WhiteElo "2747"]
[BlackElo "2737"]

1.d4 d5 2.Nf3 Nf6 3.c3 c6 4.Qc2 Ne4 5.g3 h6 6.c4 Bf5 7.Qb3 Qb6 8.c5 Qxb3
9.axb3 Na6 10.Bd2 Nxd2 11.Kxd2 Nc7 12.Nc3 g5 13.e3 Bg7 14.b4 a6 15.Bd3 Bg4
16.Ne5 Bxe5 17.dxe5 O-O-O 18.Ne2 Bxe2 19.Kxe2 f6 20.exf6 exf6 21.h4 Kb8 22.hxg5 hxg5
23.Kf3 Ne6 24.Kg4 Ng7 25.Rad1 Rdf8 26.Bf5 Re8 27.Bg6 Ref8 28.Rxh8 Rxh8 29.e4 Rd8
30.Rd3 Kc7 31.Rf3 d4 32.Rxf6 d3 33.Rf7+ Kb8 34.e5 Ne6 35.Kf5 Nd4+ 36.Kf6 d2
37.Bh5 Rh8 38.Bg4  1-0

[Event "12th Norway Armageddon"]
[Site "Stavanger NOR"]
[Date "2024.05.27"]
[Round "1.1"]
[White "Ding Liren"]
[Black "Carlsen,M"]
[Result "1/2-1/2"]
[WhiteElo "2762"]
[BlackElo "2830"]

1.c4 e5 2.g3 Nf6 3.Bg2 h6 4.Nc3 Bb4 5.e4 d6 6.Nge2 Bc5 7.h3 a5 8.O-O Nc6
9.d3 Nh7 10.Kh2 Nf8 11.f4 Ne6 12.f5 Ned4 13.Nxd4 Nxd4 14.Rb1 Bd7 15.b3 b5
16.Qg4 Kf8 17.Qh5 f6 18.Qd1 b4 19.Na4 Ba7 20.Bf3 Nxf3+ 21.Rxf3 Qe8 22.g4 Bd4
23.Be3 Bxe3 24.Rxe3 Bxa4 25.bxa4 c5 26.h4 Ke7 27.Rh3 Kd8 28.Qc2 Kc7 29.Rg1 Kb6
30.Rgg3 Qe7 31.Kg2 Rh7 32.Kf2 Rah8 33.Ke1 Qe8 34.Kd1 Ka6 35.Kc1 Kb6 36.Kb2 Ka6
37.Kb3 Kb6 38.Qh2 Qg8 39.Qg2 Qd8 40.Qf3 Qe8 41.Rh1 Qd8 42.Rhg1 Qe8 43.Rh3 Qd8
44.Rgh1 Qg8 45.Qg3 Ka6 46.g5 hxg5 47.hxg5 Rxh3 48.Rxh3 fxg5 49.Rxh8 Qxh8
50.Qxg5 Qh1 51.Kc2 Qa1 52.Qd8 Qc3+ 53.Kb1 Qxd3+ 54.Kb2 Qd4+ 55.Kb1 Qxe4+
56.Kb2 Qc6 57.Qe7 Qg2+ 58.Kb1 Qe4+ 59.Kb2 Qd4+ 60.Kb1 e4 61.Qd7 Qd3+ 62.Kb2 Qd2+
63.Kb1 Qd1+ 64.Kb2 Qd2+ 65.Kb1  1/2-1/2

[Event "12th Norway Chess 2024"]
[Site "Stavanger NOR"]
[Date "2024.05.28"]
[Round "2.2"]
[White "Firouzja,Alireza"]
[Black "Caruana,F"]
[Result "1/2-1/2"]
[WhiteElo "2737"]
[BlackElo "2805"]

1.d4 Nf6 2.Bf4 d5 3.e3 c5 4.Nf3 Nc6 5.Nbd2 Bg4 6.c3 e6 7.Qb3 Qc8 8.h3 Bh5
9.Be2 Be7 10.g4 Bg6 11.Nh4 Be4 12.f3 c4 13.Qd1 Nh5 14.gxh5 Bxh4+ 15.Kf1 Bd3
16.Bxd3 cxd3 17.Kg2 Qd8 18.Nf1 Qe7 19.Qxd3 Rd8 20.Rg1 f5 21.Kh2 Qf7 22.Nd2 Bf6
23.Bg5 Qxh5 24.Bxf6 gxf6 25.Nb3 Kf7 26.Nc5 Rdg8 27.Nxb7 Rg6 28.Qb5 Rhg8 29.Nd8+ Rxd8
30.Qxc6 Qxf3 31.Qc7+ Ke8 32.Qxh7  1/2-1/2

[Event "12th Norway Chess 2024"]
[Site "Stavanger NOR"]
[Date "2024.05.28"]
[Round "2.3"]
[White "Ding Liren"]
[Black "Praggnanandhaa,R"]
[Result "1/2-1/2"]
[WhiteElo "2762"]
[BlackElo "2747"]

1.c4 e5 2.g3 Nf6 3.Bg2 c6 4.Nf3 e4 5.Nd4 d5 6.d3 Bc5 7.Nb3 Bb6 8.cxd5 cxd5
9.dxe4 Nxe4 10.O-O O-O 11.Nc3 Nxc3 12.bxc3 Nc6 13.Ba3 Re8 14.e3 Qf6 15.Qxd5 Qxc3
16.Rfc1 Qf6 17.Nd2 Be6 18.Qb5 Qh6 19.Bc5 Rad8 20.Ne4 Bd5 21.Bxb6 axb6 22.Qxb6 Qg6
23.Nc5 Bxg2 24.Kxg2 Rd2 25.Rd1 Rc2 26.Rac1 Rxa2 27.Qb1 Qxb1 28.Rxb1 Rxe3
29.Ra1 Ree2 30.Rxa2 Rxa2 31.Nxb7  1/2-1/2

[Event "12th Norway Armageddon"]
[Site "Stavanger NOR"]
[Date "2024.05.28"]
[Round "2.2"]
[White "Firouzja,Alireza"]
[Black "Caruana,F"]
[Result "1-0"]
[WhiteElo "2737"]
[BlackElo "2805"]

1.Nf3 d5 2.b3 Bf5 3.Bb2 Nf6 4.g3 c5 5.d3 Nc6 6.Nh4 Bd7 7.Bg2 e5 8.e4 Bg4
9.Qc1 Be7 10.Nc3 d4 11.Ne2 g6 12.h3 Be6 13.Nf3 Nd7 14.h4 h6 15.Qd1 Nf6 16.c3 Ng4
17.cxd4 cxd4 18.a3 a5 19.Rc1 Rc8 20.Nd2 O-O 21.Bh3 b5 22.Nf3 Bd6 23.Qd2 Kh7
24.Rc2 Qf6 25.Neg1 Kg8 26.Kf1 h5 27.Kg2 Bxb3 28.Rc1 b4 29.a4 Ne7 30.Ne2 Rc3
31.Nxc3 dxc3 32.Bxc3 bxc3 33.Qxc3 Bxa4 34.Qxa5 Bd7 35.Qa7 Bc8 36.Rhf1 Bb4
37.Ng5 Bd2 38.Rc7 Re8 39.Nf3 Bb4 40.Qa4 Nc6 41.Qxc6 Qxc6 42.Rxc6 Bd7 43.Rc7 Be6
44.Ng5 Bb3 45.Rb7 Bc5 46.Rxb3  1-0

[Event "12th Norway Armageddon"]
[Site "Stavanger NOR"]
[Date "2024.05.28"]
[Round "2.3"]
[White "Ding Liren"]
[Black "Praggnanandhaa,R"]
[Result "1-0"]
[WhiteElo "2762"]
[BlackElo "2747"]

1.c4 Nf6 2.g3 e6 3.Bg2 d5 4.Nf3 d4 5.O-O c5 6.e3 Nc6 7.d3 Be7 8.exd4 cxd4
9.Re1 O-O 10.Na3 h6 11.Bf4 Bc5 12.Nc2 Nd7 13.a3 a5 14.b3 Re8 15.Bd2 e5 16.b4 Bd6
17.c5 Bf8 18.Rc1 axb4 19.axb4 Rb8 20.Na3 b5 21.Nxb5 Ba6 22.Nd6 Bxd6 23.cxd6 Nxb4
24.Qa4 Nxd3 25.Qxa6 Nxe1 26.Rxe1 Rb6 27.Qa3 Qf6 28.Nxd4 Rxd6 29.Nf3 Nb6 30.Bb4 Rde6
31.Nd2 Qg6 32.Ne4 Nd5 33.Nd6 Nxb4 34.Nxe8 Nc2 35.Qa8 Kh7 36.Be4 f5 37.Bxc2 Rxe8
38.Qd5 e4 39.Kg2 Qf6 40.Rb1 Re5 41.Qd4 Qe7 42.Rb3 Rc5 43.Bd1 Rc6 44.Be2 Rd6
45.Qc5 Qf6 46.Qe3 Rc6 47.h4 Rc2 48.h5 Qe5 49.Rb5 Qf6 50.Bf1 Qf7 51.Qf4 Qxh5
52.Rxf5 Qe8 53.Re5 Qc8 54.Qxe4+  1-0

[Event "12th Norway Chess 2024"]
[Site "Stavanger NOR"]
[Date "2024.05.29"]
[Round "3.2"]
[White "Caruana,F"]
[Black "Ding Liren"]
[Result "1-0"]
[WhiteElo "2805"]
[BlackElo "2762"]

1.e4 e5 2.Nf3 Nc6 3.Bc4 Nf6 4.d3 Bc5 5.O-O O-O 6.Nbd2 d6 7.c3 a5 8.h3 h6
9.Re1 Be6 10.Bb5 Qb8 11.Re2 Qa7 12.Bxc6 bxc6 13.a4 Nd7 14.Nf1 d5 15.d4 exd4
16.Nxd4 Qb6 17.Be3 Bxd4 18.Bxd4 Qb7 19.exd5 cxd5 20.Ng3 Rae8 21.Qd2 c5 22.Be3 Kh7
23.Rae1 Qc6 24.Bf4 Qxa4 25.Nf5 Qc6 26.Nxg7 Kxg7 27.Bxh6+ Kh7 28.Bxf8 Rxf8
29.Qg5 Re8 30.c4 Rb8 31.Rxe6  1-0

[Event "12th Norway Chess 2024"]
[Site "Stavanger NOR"]
[Date "2024.05.29"]
[Round "3.1"]
[White "Praggnanandhaa,R"]
[Black "Carlsen,M"]
[Result "1-0"]
[WhiteElo "2747"]
[BlackElo "2830"]

1.e4 c5 2.Nf3 e6 3.d4 cxd4 4.Nxd4 a6 5.Bd3 Qc7 6.O-O Nf6 7.Qe2 d6 8.c4 Nbd7
9.Nc3 Ne5 10.h3 b6 11.f4 Nxd3 12.Qxd3 Bb7 13.f5 Qd7 14.Bg5 Be7 15.Rad1 Rc8
16.Qe2 e5 17.Bxf6 Bxf6 18.Nc2 Qc6 19.Ne3 Bg5 20.Kh1 Bxe3 21.Qxe3 f6 22.b3 b5
23.Nd5 Qc5 24.Qf3 bxc4 25.Qh5+ Kf8 26.Rf3 Bxd5 27.Rxd5 Qb6 28.bxc4 Rxc4 29.Rb3 Rb4
30.Rdd3 Rxb3 31.Rxb3 Qc7 32.Qd1 g6 33.Qb1 Qc5 34.Rb7 gxf5 35.Kh2 Rg8 36.Qb3 d5
37.Rxh7  1-0

[Event "12th Norway Chess 2024"]
[Site "Stavanger NOR"]
[Date "2024.05.30"]
[Round "4.1"]
[White "Caruana,F"]
[Black "Carlsen,M"]
[Result "0-1"]
[WhiteElo "2805"]
[BlackElo "2830"]

1.e4 e5 2.Nf3 Nc6 3.Bc4 Nf6 4.d3 Bc5 5.O-O d6 6.c3 a6 7.a4 Ba7 8.h3 h6 9.Be3 Bxe3
10.fxe3 Be6 11.Bxe6 fxe6 12.Nbd2 O-O 13.Rf2 Qe7 14.Qb3 Rab8 15.Raf1 Nd8 16.Qd1 b5
17.axb5 axb5 18.Nh2 Nf7 19.Ng4 Nd7 20.d4 c5 21.Qe2 c4 22.Nh2 Nf6 23.Ng4 Nd7
24.Nh2 Ra8 25.b3 cxb3 26.Nxb3 Rac8 27.Qd3 Nf6 28.Nd2 Qc7 29.Qxb5 Qxc3 30.Nhf3 Qxe3
31.dxe5 dxe5 32.Nxe5 Ng5 33.Qd3 Qc5 34.Nef3 Rcd8 35.Qb1 Nh5 36.Qc1 Qa7 37.Qa1 Qb6
38.Qb1 Qc5 39.Qc1 Qe7 40.Nxg5 Rxf2 41.Rxf2 Qxg5 42.Qc3 Ng3 43.Kh2 Rxd2 44.Qxg3 Rxf2
45.Qxf2 Qe5+ 46.Kg1 Qxe4 47.Qa7 h5 48.Qe7 Qe1+ 49.Kh2 Qe5+ 50.Kg1 Kh7 51.Qe8 h4
52.Qe7 Qd4+ 53.Kh1 Qa1+ 54.Kh2 Qf6 55.Qe8 Kh6 56.Kg1 e5 57.Qa4 Qf4 58.Qc6+ Kg5
59.Qc7 Qd4+ 60.Kf1 Kf4 61.Qxg7 Ke3 62.Kg1 e4 63.Qh6+ Ke2+ 64.Kh1 e3 65.Qa6+ Kf2
66.Kh2 e2  0-1

[Event "12th Norway Chess 2024"]
[Site "Stavanger NOR"]
[Date "2024.05.30"]
[Round "4.3"]
[White "Firouzja,Alireza"]
[Black "Ding Liren"]
[Result "1-0"]
[WhiteElo "2737"]
[BlackElo "2762"]

1.d4 Nf6 2.Bf4 d5 3.e3 c5 4.Nf3 Nc6 5.Nbd2 Bg4 6.c3 e6 7.Qb3 Qc8 8.h3 Bh5
9.Be2 Be7 10.g4 Bg6 11.Nh4 Be4 12.f3 Nh5 13.gxh5 c4 14.Qa4 Bxh4+ 15.Kd1 Bd3
16.Bxd3 cxd3 17.Qb5 O-O 18.Qxd3 f6 19.Rg1 e5 20.dxe5 fxe5 21.Bh6 Rf7 22.Qxd5 Kf8
23.Qe4 Qxh3 24.Qxh7 Rd8 25.Rxg7 Rxg7 26.Qxg7+ Ke8 27.Qg6+ Ke7 28.Bg5+ Bxg5
29.Qxg5+ Kf7 30.Qg6+ Ke7 31.Kc2 Qh2 32.Rd1 Qe2 33.Qh7+ Ke6 34.Qe4  1-0

[Event "12th Norway Chess 2024"]
[Site "Stavanger NOR"]
[Date "2024.06.01"]
[Round "5.3"]
[White "Praggnanandhaa,R"]
[Black "Caruana,F"]
[Result "1-0"]
[WhiteElo "2747"]
[BlackElo "2805"]

1.d4 Nf6 2.c4 e6 3.Nf3 d5 4.g3 Be7 5.Bg2 O-O 6.O-O dxc4 7.Qa4 a6 8.Qxc4 b5
9.Qc2 Bb7 10.Bf4 Nc6 11.Nbd2 Nxd4 12.Nxd4 Bxg2 13.Nxe6 fxe6 14.Kxg2 Nd5 15.Be5 c5
16.Nf3 Qe8 17.Rad1 Qh5 18.Qe4 Rad8 19.a4 Qf5 20.Qxf5 exf5 21.axb5 axb5 22.Ra1 Ra8
23.Rfd1 Nf6 24.b3 Ne4 25.Rd7 Bf6 26.Bxf6 Nxf6 27.Rxa8 Rxa8 28.Rc7 Ne4 29.Ne5 Re8
30.Nd3 Nd2 31.Rxc5 Nxb3 32.Rxf5 Nd4 33.Rd5 Nxe2 34.Rxb5 Nc3 35.Rb7 Nd5 36.Rd7 Nf6
37.Ra7 Kf8 38.Kf3 Re7 39.Rxe7 Kxe7 40.Nc5 Kf7 41.Kf4 Nd5+ 42.Ke5 Ne7 43.h4 Nc6+
44.Ke4 h6 45.g4 Ne7 46.Nd3 Kf6 47.Nf4 g5 48.hxg5+ Kxg5 49.f3 Nc6 50.Ne6+ Kf6
51.Nd4 Ne5 52.Kf4 Nd3+ 53.Ke3 Ne5 54.Kf4 Nd3+ 55.Kg3 Ne1 56.f4 Nd3 57.Nf3 Nb4
58.Nd2 Nd5 59.Ne4+ Ke6 60.Kf3 Ne7 61.Ng3 Kd5 62.Ke3 Ke6 63.Kd4 Kf6 64.Ke4 Ke6
65.Ne2 Ng8 66.Nd4+ Kf6 67.Nf5 Ke6 68.Kd4 Kf6 69.Nxh6 Ne7 70.Ke4 Kg6 71.g5 Kh5
72.Nf7 Ng6 73.Kf5 Ne7+ 74.Ke6 Nc6 75.f5 Nd4+ 76.Kf6 Kg4 77.Nd6  1-0

[Event "12th Norway Armageddon"]
[Site "Stavanger NOR"]
[Date "2024.06.02"]
[Round "6.2"]
[White "Firouzja,Alireza"]
[Black "Praggnanandhaa,R"]
[Result "1-0"]
[WhiteElo "2737"]
[BlackElo "2747"]

1.d4 Nf6 2.c4 e6 3.Nf3 Bb4+ 4.Nbd2 O-O 5.a3 Bxd2+ 6.Qxd2 d5 7.e3 b6 8.b3 Bb7
9.Bb2 Nbd7 10.Be2 dxc4 11.bxc4 c5 12.O-O Rc8 13.Rac1 Qc7 14.h3 Rfd8 15.Rfd1 Nf8
16.Ne5 Ng6 17.Nxg6 hxg6 18.Qe1 cxd4 19.exd4 Qf4 20.Bf1 Rd7 21.a4 Ne4 22.Rd3 Nd6
23.Rg3 Nf5 24.Rg4 Qd6 25.a5 Rdc7 26.d5 Re7 27.Qc3 Ree8 28.Bd3 e5 29.axb6 axb6
30.Qa3 Ra8 31.Qxd6 Nxd6 32.Rg5 e4 33.Bf1 Rec8 34.Be5 Nf5 35.Bf4 Ra4 36.Rd1 Ba6
37.d6 Bxc4 38.d7 Rd8 39.Bc7 Rxd7 40.Rxd7 Ra1 41.Bxb6 Rxf1+ 42.Kh2 Rb1 43.Bc5 Be6
44.Rd8+ Kh7 45.Rg4 Rc1 46.Be3 Rc4 47.Re8 Bd7 48.Rexe4 Rc2 49.Bb6 f6 50.Rc4 Ra2
51.Rc7 Be6 52.Re4 Bd5 53.Rf4 Rb2 54.Bc5 Rc2 55.Bb6 Rb2 56.Bd4 Rb4 57.Be5 Rb5
58.Bxf6 Rb6 59.Bd4 Re6 60.Bxg7  1-0

[Event "12th Norway Chess 2024"]
[Site "Stavanger NOR"]
[Date "2024.06.02"]
[Round "6.2"]
[White "Firouzja,Alireza"]
[Black "Praggnanandhaa,R"]
[Result "1/2-1/2"]
[WhiteElo "2737"]
[BlackElo "2747"]

1.d4 d5 2.c4 dxc4 3.Nf3 Nf6 4.e3 b5 5.a4 c6 6.axb5 cxb5 7.b3 e6 8.bxc4 bxc4
9.Bxc4 Bd6 10.Nbd2 O-O 11.e4 Bb4 12.O-O Nc6 13.e5 Nd5 14.Bd3 Be7 15.Ne4 a5
16.Re1 Ncb4 17.Bb1 h6 18.h3 Ra6 19.Ra3 Nc6 20.Nc5 Rb6 21.Qc2 Rxb1 22.Qxb1 Nxd4
23.Nxd4 Bxc5 24.Nc6 Qc7 25.Rg3 Kh8 26.Qb5 Qb6 27.Qxb6 Bxb6 28.Bd2 a4 29.Nb4 Bb7
30.Rb1 Bc7 31.Ra3 Ra8 32.Nxd5 Bxd5 33.Rb4 Bxe5 34.Rbxa4 Rc8  1/2-1/2

[Event "12th Norway Armageddon"]
[Site "Stavanger NOR"]
[Date "2024.06.03"]
[Round "7.3"]
[White "Praggnanandhaa,R"]
[Black "Ding Liren"]
[Result "1-0"]
[WhiteElo "2747"]
[BlackElo "2762"]

1.d4 Nf6 2.Bg5 d5 3.e3 c5 4.Bxf6 gxf6 5.Bb5+ Bd7 6.Bxd7+ Nxd7 7.Ne2 e6 8.O-O Qc7
9.Nd2 Bd6 10.h3 cxd4 11.Nxd4 a6 12.Qh5 O-O 13.c3 Kh8 14.Rad1 f5 15.N2f3 Nf6
16.Qh6 Qe7 17.c4 dxc4 18.Ng5 Rad8 19.Rd2 Rg8 20.Rfd1 Rg6 21.Qh4 Rdg8 22.Ndf3 h6
23.Rxd6  1-0

[Event "12th Norway Armageddon"]
[Site "Stavanger NOR"]
[Date "2024.06.03"]
[Round "7.2"]
[White "Caruana,F"]
[Black "Firouzja,Alireza"]
[Result "1/2-1/2"]
[WhiteElo "2805"]
[BlackElo "2737"]

1.e4 e5 2.Nf3 Nc6 3.Bc4 Nf6 4.d3 Bc5 5.Nbd2 a6 6.c3 O-O 7.O-O d6 8.a3 Ba7
9.h3 h6 10.Re1 Re8 11.Nf1 Be6 12.Bxe6 Rxe6 13.c4 a5 14.b3 Nd4 15.Ng3 Nxf3+
16.Qxf3 Nh7 17.Nf5 Ng5 18.Qe2 Rg6 19.Kh2 Ne6 20.Be3 Rf6 21.b4 Kh7 22.Qd2 Bxe3
23.fxe3 g6 24.Ng3 h5 25.Rf1 h4 26.Ne2 axb4 27.axb4 Rxf1 28.Rxf1 Kg7 29.Ng1 Ng5
30.Qf2 Ra3 31.Rd1 Qh8 32.Qb2 Qa8 33.Qf2 Qh8 34.c5 Rb3 35.Qd2 Qa8 36.cxd6 cxd6
37.Rf1 Qd8 38.Rc1 d5 39.Qc2 Ra3 40.Rf1 dxe4 41.Qb2 Rxd3 42.Qxe5+ f6 43.Qb5 Qd5
44.Qa4 Rxe3 45.Rc1 Rc3 46.Rxc3 Qe5+ 47.Kh1 Qxc3 48.Qd7+ Nf7 49.Qxb7 e3 50.Qe4 f5
51.Qxh4 g5 52.Qg3 f4 53.Qg4 Qxb4 54.Nf3 Qe7 55.Qc8 e2 56.Qc3+ Kg8 57.Kh2 Qe3
58.Qa5 Kg7 59.Qe1 Kg8 60.Qa1 Kf8 61.Kh1 Kg8 62.Qb1 Kg7 63.Qe1 Kg8 64.Ng1 Ne5
65.Nxe2 f3 66.gxf3 Qxf3+ 67.Kh2 Qe3 68.Qf1 Nf3+ 69.Kh1 Nh4 70.Kh2 Nf3+ 71.Kh1 Nh4
72.Ng1 Qe4+ 73.Kh2 Qe5+ 74.Kh1 Qe4+  1/2-1/2

[Event "12th Norway Chess 2024"]
[Site "Stavanger NOR"]
[Date "2024.06.03"]
[Round "7.3"]
[White "Praggnanandhaa,R"]
[Black "Ding Liren"]
[Result "1/2-1/2"]
[WhiteElo "2747"]
[BlackElo "2762"]

1.e4 e5 2.Nf3 Nc6 3.Bc4 Nf6 4.d3 Bc5 5.O-O O-O 6.h3 d6 7.c3 a5 8.Re1 h6 9.Nbd2 Be6
10.Bb5 Bb6 11.a4 Nd7 12.Nc4 f5 13.exf5 Bxf5 14.d4 e4 15.Nh2 d5 16.Nxb6 Nxb6
17.Qh5 Ne7 18.b3 c6 19.Bf1 Nd7 20.Ba3 Bg6 21.Qg4 Kh7 22.Qd1 Nf6 23.Ng4 Nxg4
24.Qxg4 Rf7 25.b4 Nf5 26.bxa5 Qxa5 27.Bb4 Qc7 28.h4 Rf6 29.Qh3 Bf7 30.Be2 Be6  1/2-1/2

[Event "12th Norway Chess 2024"]
[Site "Stavanger NOR"]
[Date "2024.06.03"]
[Round "7.2"]
[White "Caruana,F"]
[Black "Firouzja,Alireza"]
[Result "1/2-1/2"]
[WhiteElo "2805"]
[BlackElo "2737"]

1.e4 e5 2.Nf3 Nc6 3.Bc4 Nf6 4.d3 Bc5 5.Nbd2 d6 6.c3 a6 7.Nf1 O-O 8.Ng3 Ba7
9.Bg5 h6 10.Bh4 g6 11.a4 Kg7 12.O-O g5 13.Nxg5 hxg5 14.Bxg5 Rh8 15.h3 Qg8
16.Qf3 Ne8 17.Be3 Kf8 18.Bxa7 Rxa7 19.Qe3 Qg7 20.f4 Qh6 21.Rf3 Nf6 22.Raf1 Bg4
23.R3f2 Nh5 24.Nxh5 Bxh5 25.Bd5 Ra8 26.Qg3 Qg7 27.Qxg7+ Kxg7 28.fxe5 dxe5
29.Bxf7 Raf8 30.Bd5 Rxf2 31.Rxf2 Bg6 32.Rf3 Nd8 33.Kf2 c6 34.Bb3 b5 35.Ke3 Nb7
36.Bc2 Nc5 37.axb5 axb5 38.Rf1 Ra8 39.d4 Nd7 40.g4 Rh8 41.Rf3 Nb6 42.b3 exd4+
43.cxd4 Re8 44.Kf4 Rf8+ 45.Ke3 Re8 46.Kf4 Rf8+ 47.Ke3 Re8  1/2-1/2

[Event "12th Norway Chess 2024"]
[Site "Stavanger NOR"]
[Date "2024.06.04"]
[Round "8.2"]
[White "Ding Liren"]
[Black "Caruana,F"]
[Result "1/2-1/2"]
[WhiteElo "2762"]
[BlackElo "2805"]

1.d4 d6 2.Nf3 Nf6 3.c4 g6 4.Nc3 Bf5 5.Qb3 b6 6.h3 Bg7 7.g4 Bc8 8.e4 h5 9.g5 Nfd7
10.Be3 O-O 11.Qc2 a6 12.d5 c6 13.Bd4 b5 14.Bxg7 Kxg7 15.b3 bxc4 16.bxc4 Nc5
17.Bg2 cxd5 18.cxd5 e5 19.dxe6 Bxe6 20.O-O Nbd7 21.Rfd1 Qe7 22.Qd2 Rac8 23.Qd4+ Kg8
24.Qxd6 Qxd6 25.Rxd6 Nb7 26.Rd3 Ndc5 27.Rd4 Kg7 28.Ne5 Rfd8 29.Nd5 Nd7 30.Nc4 Nb8
31.Rb1 Nd6 32.Nce3 Nc6 33.Ra4 a5 34.Rc1 Nb5 35.Rac4 Nbd4 36.Bf1 Nb4 37.a3 Nxd5
38.exd5  1/2-1/2

[Event "12th Norway Armageddon"]
[Site "Stavanger NOR"]
[Date "2024.06.04"]
[Round "8.2"]
[White "Ding Liren"]
[Black "Caruana,F"]
[Result "1/2-1/2"]
[WhiteElo "2762"]
[BlackElo "2805"]

1.c4 Nf6 2.g3 e6 3.Bg2 d5 4.Nf3 Be7 5.O-O O-O 6.b3 c5 7.cxd5 Nxd5 8.Nc3 Nc6
9.Bb2 b6 10.Nxd5 exd5 11.d4 Be6 12.Rc1 Rc8 13.Qd2 h6 14.Rfd1 Qd7 15.dxc5 bxc5
16.Ne1 Rfd8 17.Nd3 c4 18.Nf4 Bb4 19.Qc2 Na5 20.Bxd5 cxb3 21.Bxe6 Rxc2 22.Rxd7 Rxd7
23.Bxd7 Rxc1+ 24.Bxc1 bxa2 25.Bb2 Ba3 26.Bc3 Bb4 27.Bb2 Ba3 28.Bc3 Bb4 29.Bb2 Ba3  1/2-1/2

[Event "12th Norway Armageddon"]
[Site "Stavanger NOR"]
[Date "2024.06.04"]
[Round "8.1"]
[White "Carlsen,M"]
[Black "Praggnanandhaa,R"]
[Result "1-0"]
[WhiteElo "2830"]
[BlackElo "2747"]

1.d4 Nf6 2.Bf4 d5 3.e3 Bf5 4.c4 e6 5.Nc3 Bd6 6.Bxd6 Qxd6 7.Qb3 b6 8.Nf3 O-O
9.Be2 dxc4 10.Qxc4 a6 11.O-O Nbd7 12.Rfd1 b5 13.Qb3 c5 14.dxc5 Qxc5 15.Nd4 Bg6
16.Bf3 Ra7 17.Rac1 Qg5 18.Nc6 Ne5 19.Nxe5 Qxe5 20.a4 bxa4 21.Qb6 Qb8 22.Nxa4 h6
23.Be2 Nd5 24.Qd4 a5 25.Nc5 Qb6 26.Bf3 Rb8 27.Bxd5 exd5 28.b3 Rc7 29.Ne6 Qxd4
30.Nxd4 Rbc8 31.Ra1 Bc2 32.Rdc1 Bd3 33.Rxc7 Rxc7 34.f3 Rc5 35.Kf2 h5 36.Ke1 g6
37.Kd2 Bf5 38.Rc1 Rxc1 39.Kxc1 Bd7 40.Kb2 Kf8 41.Kc3 Ke7 42.Ne2 Kd6 43.Kd4 a4
44.bxa4 Bxa4 45.Nf4 Bb3 46.h4 Ba2 47.g4 hxg4 48.fxg4 Ke7 49.Nxd5+ Ke6 50.e4 Bb3
51.Nf4+ Kf6 52.g5+ Kg7 53.Ke5 Bc2 54.Nd5 Bd3 55.Nf6 Kf8 56.Kd6 Bb1 57.Kd7 Bc2
58.Kd8 Bb1 59.Nd7+ Kg7 60.e5 Bf5 61.Ke7 Bb1 62.Nc5 Bc2 63.Nb7 Bb1 64.Nd6 Ba2
65.Nxf7 Bxf7 66.e6 Bg8 67.Kd7  1-0

[Event "12th Norway Chess 2024"]
[Site "Stavanger NOR"]
[Date "2024.06.04"]
[Round "8.1"]
[White "Carlsen,M"]
[Black "Praggnanandhaa,R"]
[Result "1/2-1/2"]
[WhiteElo "2830"]
[BlackElo "2747"]

1.e4 e5 2.Nf3 Nc6 3.Bb5 a6 4.Ba4 Nf6 5.O-O Nxe4 6.d4 b5 7.Bb3 d5 8.dxe5 Be6
9.Qe2 Be7 10.Rd1 O-O 11.c3 f5 12.exf6 Bxf6 13.Nbd2 Nc5 14.Bc2 Re8 15.Nf1 Bf7
16.Be3 Ne4 17.Ng3 Nxg3 18.hxg3 Ne5 19.Nxe5 Bxe5 20.a4 c6 21.Qd2 Qd6 22.Re1 Bg6
23.Bxg6 Qxg6 24.Bd4 Bxd4 25.Qxd4 bxa4 26.Qxa4 c5 27.Qd7 Rad8 28.Qc7 d4 29.cxd4 cxd4
30.Qc4+ Kh8 31.Rxe8+ Qxe8 32.Rd1 Qd7 33.Qxa6 d3 34.b4 h6 35.Qc4 d2 36.Qe2 Qd3
37.Qxd3 Rxd3 38.f3 Kh7 39.Kf2 Rb3 40.Rxd2 Rxb4 41.Rd5 Rb2+ 42.Kg1 Rb7 43.Kh2 g6
44.Kh3 h5 45.g4 hxg4+ 46.Kxg4 Kh6 47.Ra5 Rb4+ 48.f4 Rb2 49.Kh3 Rb4 50.g3 Kg7
51.Kh4 Rc4 52.Ra7+ Kf6 53.Kg4 Rc3 54.Ra5 Rb3 55.Kh3 Rc3 56.Re5 Rc2 57.g4 Rc3+
58.Kg2 Ra3 59.Kf2 Kf7 60.Re3 Ra1 61.Rb3 Kg7 62.Kg3 Rf1 63.Rb7+ Kg8 64.Ra7 Kf8
65.Ra4 Rh1 66.Kf3 Rg1 67.g5 Rf1+ 68.Ke4 Kg7 69.Ra7+ Kg8 70.Ke5 Rf2 71.Kf6 Rxf4+
72.Kxg6 Rf8 73.Rg7+ Kh8 74.Rh7+ Kg8 75.Rg7+ Kh8  1/2-1/2

[Event "12th Norway Armageddon"]
[Site "Stavanger NOR"]
[Date "2024.06.06"]
[Round "9.3"]
[White "Caruana,F"]
[Black "Praggnanandhaa,R"]
[Result "1-0"]
[WhiteElo "2805"]
[BlackElo "2747"]

1.d4 Nf6 2.c4 e6 3.Nc3 Bb4 4.Qc2 O-O 5.a3 Bxc3+ 6.Qxc3 d5 7.e3 b6 8.cxd5 exd5
9.Nf3 a5 10.Ne5 Qd6 11.f3 c5 12.Bb5 Ba6 13.Bxa6 Rxa6 14.O-O Nc6 15.Nxc6 Qxc6
16.a4 Re8 17.b3 Raa8 18.Bb2 Rac8 19.Qd2 Qe6 20.dxc5 bxc5 21.Rfe1 Qb6 22.Rab1 Rcd8
23.Bc3 Qa7 24.Bxa5 Rd7 25.Bc3 d4 26.exd4 cxd4 27.Rxe8+ Nxe8 28.Bb4 Nc7 29.Rc1 Qb7
30.Ba5 Ne6 31.Qc2 g5 32.Qc8+ Kg7 33.Bd2 Qd5 34.Qc4 Qf5 35.a5 Rc7 36.Qf1 Rc2
37.Rxc2 Qxc2 38.Qc1 Qxb3 39.Bxg5 Qb5 40.Bd2 Nc5 41.Bh6+ Kf6 42.Qf4+ Ke6 43.Qxd4 Qxa5
44.Bd2 Qa4 45.Bb4 Nb7 46.Qe4+  1-0

[Event "12th Norway Chess 2024"]
[Site "Stavanger NOR"]
[Date "2024.06.06"]
[Round "9.1"]
[White "Firouzja,Alireza"]
[Black "Carlsen,M"]
[Result "1/2-1/2"]
[WhiteElo "2737"]
[BlackElo "2830"]

1.e4 e5 2.Nf3 Nc6 3.Bc4 Bc5 4.d3 Nf6 5.Bg5 h6 6.Bh4 d6 7.c3 a6 8.Nbd2 Ba7
9.O-O Qe7 10.b4 Be6 11.a4 O-O 12.Rb1 Bxc4 13.Nxc4 Qe6 14.Bxf6 Qxf6 15.b5 axb5
16.Rxb5 Nd8 17.d4 c6 18.Rb1 exd4 19.cxd4 Ne6 20.Nb6 Bxb6 21.Rxb6 Ra7 22.d5 cxd5
23.Qxd5 Rxa4 24.Qxb7 Nd4 25.Nxd4 Rxd4 26.Rb3 Re8 27.Re3 Qg6 28.Rfe1 d5 29.e5 Qe6
30.h3 Rc4 31.Rd3 Re4  1/2-1/2

[Event "12th Norway Armageddon"]
[Site "Stavanger NOR"]
[Date "2024.06.06"]
[Round "9.1"]
[White "Firouzja,Alireza"]
[Black "Carlsen,M"]
[Result "0-1"]
[WhiteElo "2737"]
[BlackElo "2830"]

1.e4 e5 2.Nf3 Nc6 3.Bc4 Bc5 4.d3 Nf6 5.Bg5 h6 6.Bh4 d6 7.c3 a6 8.Nbd2 Ba7
9.O-O Qe7 10.b4 Be6 11.a4 O-O 12.Bd5 g5 13.Nxg5 Nxd5 14.Nxe6 Qxh4 15.exd5 fxe6
16.g3 Qh3 17.dxc6 bxc6 18.Qe2 Rf5 19.Kh1 Raf8 20.f3 Rg5 21.Qg2 Qf5 22.Rad1 h5
23.Nb3 h4 24.g4 Qh7 25.Qe2 h3 26.d4 exd4 27.cxd4 e5 28.Na5 Bxd4 29.Nxc6 Qf7
30.Rc1 Rg6 31.Qxa6 Rf6 32.Qe2 Rxf3 33.Rxf3 Qxf3+ 34.Qxf3 Rxf3 35.Nxd4 exd4
36.Ra1 Rb3 37.a5 Rxb4 38.a6 Rb8 39.a7 Ra8 40.Kg1 c5 41.Kf2 Kf7 42.Ke2 c4
43.Ra5 d3+ 44.Kd2 Kg6 45.Kc3 d5 46.Ra2 Kg5  0-1

[Event "12th Norway Chess 2024"]
[Site "Stavanger NOR"]
[Date "2024.06.06"]
[Round "9.3"]
[White "Caruana,F"]
[Black "Praggnanandhaa,R"]
[Result "1/2-1/2"]
[WhiteElo "2805"]
[BlackElo "2747"]

1.d4 Nf6 2.c4 e6 3.Nc3 Bb4 4.e3 O-O 5.Bd3 d5 6.cxd5 exd5 7.Ne2 Re8 8.O-O Bd6
9.Bd2 b6 10.Rc1 c5 11.Ng3 Nc6 12.Nh5 cxd4 13.exd4 Nxd4 14.Bg5 Be7 15.Re1 Be6
16.Bxf6 Bxf6 17.Qa4 b5 18.Nxb5 Nxb5 19.Bxb5 Rf8 20.Nxf6+ Qxf6 21.b3 d4 22.Bd3 g6
23.h3 Rad8 24.Rc5 Rd7 25.Rd1 Rfd8 26.Ra5 Qe7 27.Qa3 Qxa3 28.Rxa3 Kg7 29.f3 Bf5
30.Ra4 Bxd3 31.Rxd3 Kf6 32.h4 h5 33.Rc4 a5 34.Kf2 Rd5 35.Rd2 Kf5 36.Re2 R8d7
37.Rec2 Ke5 38.Rd2 Kf4 39.Re2 Kf5 40.Re4 g5 41.hxg5 Kxg5 42.Ke2 f5 43.Re8 h4
44.Rg8+ Kf4 45.Kf2 Rd8 46.Rg7 R8d7 47.Rg8 Rd8 48.Rg7 R8d7  1/2-1/2

[Event "12th Norway Chess 2024"]
[Site "Stavanger NOR"]
[Date "2024.06.07"]
[Round "10.1"]
[White "Carlsen,M"]
[Black "Caruana,F"]
[Result "1/2-1/2"]
[WhiteElo "2830"]
[BlackElo "2805"]

1.e4 e5 2.Nf3 Nc6 3.Bb5 a6 4.Ba4 Nf6 5.Nc3 Bc5 6.O-O b5 7.Bb3 O-O 8.a4 Rb8
9.axb5 axb5 10.d3 h6 11.h3 d6 12.Ne2 Ne7 13.Ng3 Ng6 14.c3 Bb6 15.d4 Bb7 16.Bc2 c5
17.Re1 Re8 18.dxe5 dxe5 19.Qxd8 Rexd8 20.Be3 Bc8 21.Nf5 Be6 22.Ra6 Bc8 23.Raa1 Be6
24.Ra6 Bc8 25.Raa1  1/2-1/2

[Event "12th Norway Chess Women"]
[Site "Stavanger NOR"]
[Date "2024.06.07"]
[Round "10.3"]
[White "Ju,Wenjun"]
[Black "Lei,Tingjie"]
[Result "1-0"]
[WhiteElo "2559"]
[BlackElo "2548"]

1.d4 d5 2.c4 c6 3.cxd5 cxd5 4.Bf4 Nc6 5.e3 Nf6 6.Nc3 Bf5 7.Nf3 e6 8.Qb3 Bb4
9.Bb5 O-O 10.Bxc6 Bxc3+ 11.Qxc3 Rc8 12.Ne5 Ng4 13.Nxg4 Bxg4 14.Qb4 Rxc6 15.Qxb7 Qb6
16.Qxb6 axb6 17.Kd2 Rfc8 18.Rhc1 Kf8 19.a4 Ke8 20.Rxc6 Rxc6 21.b4 Bf5 22.a5 bxa5
23.bxa5 Ra6 24.Bc7 Kd7 25.Bb6 Ra8 26.a6 Kc6 27.Bc5 e5 28.a7 Kb7 29.dxe5 Rc8
30.Ra5 Ka8 31.Kc3 Be6 32.Kb4 Rc7 33.Ra6 Rc8 34.Rd6 Kb7 35.Kb5 h5 36.Bd4 Re8
37.Ka5 Rc8 38.Rb6+ Ka8 39.Ka6 g5 40.Rd6 Rg8 41.Kb6 g4 42.Rc6 h4 43.Rc7 h3
44.gxh3 gxh3 45.Rb7  1-0